[Event "Santiago CALF op"]
[Site "Santiago de Chile"]
[Date "2004.05.01"]
[Round "2"]
[White "Pedreros, Gustavo"]
[Black "Gutierrez T, Jorge"]
[Result "1-0"]
[WhiteElo "1697"]
[BlackElo "1114"]
[PlyCount "81"]
[EventDate "2004.06.21"]
[EventType "swiss"]
[EventRounds "9"]
[EventCountry "CHI"]
[SourceTitle "EXT 2005"]
[Source "ChessBase"]
[SourceDate "2004.11.15"]
[SourceVersion "1"]
[SourceVersionDate "2004.11.15"]
[SourceQuality "1"]

1. e4 e5 2. Nf3 Nc6 3. Bc4 Nf6 4. Nc3 Bc5 5. d3 d6 6. Bg5 Be6 7. Nd5 Nd4 8. c3 Nxf3+ 9. Qxf3 c6 10. Bxf6 Qc8 11. Bxg7 Rg8 12. Nf6+ Ke7 13. Nxg8+ Qxg8 14. Bxe6 fxe6 15. Bh6 Qg6 16. Be3 Bxe3 17. fxe3 Rf8 18. Qg3 b5 19. 0-0-0 Rf6 20. Rhf1 h6 21. Qxg6 Rxg6 22. Rf2 d5 23. exd5 cxd5 24. Rdf1 Rg4 25. Rf7+ Kd6 26. R1f2 d4 27. e4 dxc3 28. bxc3 a5 29. h3 Rh4 30. R2f3 b4 31. Kb2 bxc3+ 32. Kxc3 Kc5 33. g4 h5 34. g5 a4 35. g6 a3 36. Rc7+ Kb5 37. g7 Ka4 38. Kc4 Ka5 39. g8Q Ka6 40. Qxe6+ Ka5 41. Ra7# 1-0